| 000 | 00984naa a22003017a 4500 | ||
|---|---|---|---|
| 001 | BR8801523 | ||
| 003 | BR-BrBNA | ||
| 005 | 20240918175955.0 | ||
| 007 | ta | ||
| 008 | 230509b bl.||||| |||| 00| 0 por d | ||
| 040 |
_aBR-BrBNA _bpor _cBiblioteca Nacional de Agricultura |
||
| 041 | _a(Pt) | ||
| 072 |
_aE70 _b2200 _b8966 |
||
| 090 | _aE70 BR8801523 | ||
| 100 | 1 | _aKiefer, H. | |
| 111 | 1 |
_a1. Simposio de Oleos Essenciais _cCampinas, SP (Brazil) _d27-28 Mar 1986 |
|
| 245 | 1 | _aExploracao de plantas aromaticas e oleos essenciais | |
| 260 | 3 |
_aCampinas, SP (Brasil): _c1986. |
|
| 500 | _a1. Simposio de Oleos Essenciais Campinas, SP (Brasil): 1986. p. 15-20 (BR8801523-AM)E70 | ||
| 650 | _aPLANTA AROMATICA | ||
| 650 | _aOLEO ESSENCIAL | ||
| 650 | _aPRECO | ||
| 650 | _aMERCADO | ||
| 650 | _aCONSUMO | ||
| 773 | 0 |
_t1. Simposio de Oleos Essenciais _wE70 BR8801523 _gCampinas, SP (Brasil), 1986. p. 15-20 |
|
| 909 |
_a202404 _bLucia _c55 _dLucia Elande |
||
| 942 |
_cAM _2AGRIS |
||
| 999 |
_c319050 _d319050 |
||